| 000 | 00773nam a2200229 a 4500 | ||
|---|---|---|---|
| 005 | 20240924064020.0 | ||
| 008 | 040218s2001 mx r 000 0 spa d | ||
| 020 | _a8471337142 | ||
| 035 | _aUPN01000132002 | ||
| 049 | _aCG | ||
| 050 | 4 |
_aLB1028 _bB6.4 |
|
| 100 | 1 |
_aBolívar Botía, Antonio, _d1952- _931294 |
|
| 245 | 1 | 3 |
_aLa investigación biográfico-narrativa en educación : _benfoque y metodología / _cAntonio Bolívar, Jesús Domingo y Manuel Fernández. |
| 260 |
_aMadrid : _bLa Muralla, _c2001. |
||
| 300 |
_a323 p. : _bil. |
||
| 440 | 0 | _aAula abierta | |
| 650 | 4 |
_aEducación _xInvestigación _94070 |
|
| 650 | 4 |
_aNarración (Retórica) _94866 |
|
| 700 | 1 |
_aDomingo Segovia, Jesús _ecoaut. _942833 |
|
| 700 | 1 |
_aFernández, Manuel, _ecoaut. |
|
| 905 | _aLibro | ||
| 999 |
_c104157 _d104157 |
||